书目信息 |
| 题名: |
大学日语课外衔接阅读
|
|
| 作者: | 高春荣 , 杨凤莲 编著 | |
| 分册: | 高级篇 | |
| 出版信息: | 天津 天津大学出版社 2009.04 |
|
| 页数: | 159页 | |
| 开本: | 26cm | |
| 丛书名: | ||
| 单 册: | ||
| 中图分类: | H369.4 | |
| 科图分类: | ||
| 主题词: | 日语--阅读教学--高等学校--自学参考资料 | |
| 电子资源: | ||
| ISBN: | 978-7-5618-2972-1 | |
| 000 | 00975nam0 2200241 450 | |
| 001 | 1064312911 | |
| 005 | 20100721175656.43 | |
| 010 | @a978-7-5618-2972-1@dCNY15.00 | |
| 100 | @a20100515d2009 km y0chiy0120 ea | |
| 101 | 0 | @achi |
| 102 | @aCN@b120000 | |
| 105 | @ay z 000yy | |
| 200 | 1 | @a大学日语课外衔接阅读@Ada xue ri yu ke wai xian jie yue du@i高级篇@f杨凤莲, 高春荣编著@Fyang feng lian,gao chun rong bian zhu |
| 210 | @a天津@c天津大学出版社@d2009.04 | |
| 215 | @a159页@d26cm | |
| 330 | @a全套书共分三册,共150篇具代表性的文章,由浅入深,题材广泛,内容新颖、融知识性、趣味性、科学性于一炉,可以说,本书是一本集学术性、可读性、实用性于一体的好书,旨在帮助广大日语爱好者卓有成效地提高日语阅读水平。本书为中级篇。 | |
| 517 | 1 | @a高级篇@Agao ji pian |
| 606 | 0 | @a日语@x阅读教学@x高等学校@x自学参考资料 |
| 690 | @aH369.4@v4 | |
| 701 | 0 | @a高春荣@Agao chun rong@4编著 |
| 701 | 0 | @a杨凤莲@Ayang feng lian@4编著 |
| 801 | 0 | @aCN@c20100515 |
| 905 | @dH369.4@eY170-3@f5 | |
| 大学日语课外衔接阅读.高级篇/杨凤莲, 高春荣编著.-天津:天津大学出版社,2009.04 |
| 159页;26cm |
| ISBN 978-7-5618-2972-1:CNY15.00 |
| 全套书共分三册,共150篇具代表性的文章,由浅入深,题材广泛,内容新颖、融知识性、趣味性、科学性于一炉,可以说,本书是一本集学术性、可读性、实用性于一体的好书,旨在帮助广大日语爱好者卓有成效地提高日语阅读水平。本书为中级篇。 |
| ● |
| 相关链接 |
|
|
|
正题名:大学日语课外衔接阅读
索取号:H369.4/Y170-3
 
预约/预借
| 序号 | 登录号 | 条形码 | 馆藏地/架位号 | 状态 | 备注 |
| 1 | 993481 | 209934810 | 语言库209/209语言库 131排2列2层/ [索取号:H369.4/Y170-3] | 在馆 | |
| 2 | 993482 | 209934829 | 语言库209/209语言库 131排2列2层/ [索取号:H369.4/Y170-3] | 在馆 | |
| 3 | 993483 | 209934838 | 语言库209/209语言库 131排2列2层/ [索取号:H369.4/Y170-3] | 在馆 | |
| 4 | 993484 | 209934847 | 语言库209/209语言库 131排2列2层/ [索取号:H369.4/Y170-3] | 在馆 | |
| 5 | 993485 | 209934856 | 语言库209/209语言库 131排2列2层/ [索取号:H369.4/Y170-3] | 在馆 |